000 00718nam a2200241Ia 4500
003 OSt
005 20220926014527.0
006 a|||||r|||| 00| 0
007 ta
008 220923b |||||||| |||| 00| 0 eng d
037 _cGeneral Book
040 _aRTL
_cRTL
_beng
041 _2eng
_aeng
082 _aX:2:(B), K8
100 _aVickers Douglas
_9235196
245 0 _aTheory of the firm
_b Production, capital and financ
260 _aNew York
_bMcGraw-Hill
_c1968
300 _axiv,252p
_ccm.
490 _aEconomics Handbook Series Ed by Seymour E Harris, 1968
500 _aBibliography: p 235-242
942 _hX:2:(B), K8
_cGB
_2CC
999 _c629297
_d629297